1281 1887 1871 1035 1849 1045 1839 1400 1340 1347 1455 1668 1547 1035 1982 1201 1880 1080 1248 1415 1435 1365 1939 1490 1216 1545 1191 1755 1161 1763 1436 1406 1051 1066 1602 1397 1942 1311 1527 1158 1639 1415 1918 1570 1961 1222 1296 1712 1115 1648 1259 1755 1807 1081 1868 1078 1944 1338 1664 1940 1240 1019 1791 1885 1510 1624 1578 1971 1444 1719 1292 1819 1290 1097 1063 1577 1198 1841 1328 1896 1258 1608 1898 1220 1631 1653 1737 1159 1627 1980 1293 1995 1153 1481 1560 1320 1897 1654 1508 BCNSPRNW ULIB Ver.6.0+V

เปลี่ยนเป็นภาษาไทย

Change to English
 แสดงรายละเอียดบรรณานุกรม
  กลับหน้าหลัก

Brief Record : Get Marc (ISO 2709) : E-mail record : QR code < ปิดหน้าต่าง
LEADER : 00000nam 2200000uu 4500
001    13399125542
003     ULIB
008    170623s2559||||th 000 0 tha d
020    ^a9786163447685
060    ^aWI300 ก125ด
100    ^aกนกอร บุญพิทักษ์
245    ^aดูแลกระเพาะอาหารและลำไส้
250    ^aพิมพ์ครั้งที่ 1
260    ^aกรุงเทพฯ :^bFeel good Publishing,^c2559
300    ^a224 หน้า^bภาพประกอบ
650    ^aกระเพาะอาหารและลำไส้, โรค^xการดูแล
945    ^p170^l0^i25218
999    ^aกัณชพร
รายการนี้ยังไม่มีแท็ก
คุณยังไม่ได้ล็อกอิน คุณสามารถมีกิจกรรมร่วมกับเว็บไซต์ได้ แต่ต้องล็อกอินก่อน ::
  ล็อกอิน

รายการสื่อสารสนเทศ

ลำดับที่ ประเภท เลขเรียก/บาร์โค้ด สถานที่ สถานะ
1. หนังสือสำรอง
หนังสือสำรอง
สถานะ=หนังสือเก่า
WI300 ก125ด ฉ.1 
  Barcode: 25218
ห้องสมุดวิทยาเขตนครสวรรค์
►ส่วนจัดเก็บหนังสือเก่า นว.
บนชั้น
  ขอยืม

รายการใกล้เคียง
    ชื่อเรื่อง [ดูแลกระเพาะอาหารและลำไส้]

    ผู้แต่ง [กนกอร บุญพิทักษ์]

BibComment


ยังไม่เคยถูกคอมเมนท์

คอมเมนท์ทรัพยากรรายการนี้
  คอมเมนท์: ดูแลกระเพาะอาหาร..


 Copyright 2026. Bcnsprnw @Library